banner koha

Não-preferência de Spodoptera frugiperda (Lepidoptera: Noctuidae) por óleos essenciais de Achillea millefolium L. e Thymus vulgaris L. (Registro n. 298608)

MARC details
000 -LÍDER
fixed length control field 04060nab a2200289 i 4500
003 - CÓDIGO MARC DA AGÊNCIA CATALOGADORA
Campo de controle BR-BrBNA
005 - DATA E HORA DA ÚLTIMA ATUALIZAÇÃO
Campo de controle 20240227135015.0
008 - CAMPO DE TAMANHO FIXO
fixed length control field 240227b2006 bl.qr|p|oa||| 00| 0 por |
040 ## - FONTE DA CATALOGAÇÃO
Agência catalogadora BR-BrBNA
Idioma da catalogação por
072 ## - CATEGORIA AGRIS
Código AGRIS H10
100 ## - ENTRADA PRINCIPAL - NOME PESSOAL
Nome pessoal Castro, D.P.
100 ## - ENTRADA PRINCIPAL - NOME PESSOAL
Nome pessoal Cardoso, M.G.
100 ## - ENTRADA PRINCIPAL - NOME PESSOAL
Nome pessoal Moraes, J.C.
100 ## - ENTRADA PRINCIPAL - NOME PESSOAL
Nome pessoal Santos, N.M.
100 ## - ENTRADA PRINCIPAL - NOME PESSOAL
Nome pessoal Baliza, D.P.
245 ## - TÍTULO PRINCIPAL
Título principal Não-preferência de Spodoptera frugiperda (Lepidoptera: Noctuidae) por óleos essenciais de Achillea millefolium L. e Thymus vulgaris L.
500 ## - NOTA GERAL
Nota geral Publicação on-line; 27 ref.; 2 illus.; Summaries (En, Pt)
942 ## - ADDED ENTRY ELEMENTS (KOHA)
Koha item type
520 ## - NOTA DE RESUMO
Nota de conteúdo <br/><br/>RESUMO: <br/><br/>As espécies Achillea millefolium e Thymus vulgaris, conhecidas como mil-folhas e tomilho<br/>produzem óleo essencial com atividade em insetos. O objetivo deste trabalho foi verificar a ocorrência de<br/>não-preferência para alimentação de Spodoptera frugiperda na presença de óleos essenciais, extraído<br/>pelo método “arraste a vapor” e diluído em etanol e água destilada na proporção de 1:1. Para o teste com<br/>chance de escolha, seções tratadas foram colocadas em placas de Petri, dispostas eqüidistantes. No<br/>centro de cada arena, foi liberada uma lagarta, com total de 20 repetições. No teste sem chance de<br/>escolha, as lagartas foram individualizadas em tubos de ensaio contendo uma seção de folha tratada.<br/>Após 24 horas, avaliou-se, em ambos os testes, a área foliar consumida. No teste sem chance de<br/>escolha, o consumo de folhas na testemunha (534,20 mm2) foi significativo, demonstrando que se<br/>alimentam menos na presença dos óleos essenciais. Entretanto, no teste com chance de escolha as<br/>lagartas preferiram as seções tratadas com mil-folhas a 0,0002%, com média de 221,20 mm2, em relação<br/>à testemunha e aos outros tratamentos. A preferência para o óleo de mil-folhas, sugere grande potencial<br/>atrativo em programas de manejo integrado de pragas.<br/><br/>Palavras-chave: óleos essenciais, mil-folhas, tomilho, lagarta-do-cartucho
520 ## - NOTA DE RESUMO
Nota de conteúdo <br/><br/>ABSTRACT: <br/><br/>Feeding non preference of Spodoptera Frugiperda (Lepidoptera: Noctuidae) for Essential<br/>Oils of Achillea millefolium L. and Thymus vulgaris L. Medicinal plants such as Achillea millefolium and<br/>Thymus vulgaris; commonly referred to as yarrow and thyme, respectively; contain essential oils with<br/>insecticidal activity. In this work, we aimed to verify the feeding preferences of S. frugiperda regarding leaves<br/>with high contents of essential oils. Extraction was performed by stream distillation employing aerial part of<br/>the plants. The distilled product was diluted in 50% ethanol and 50% distilled water. In the free choice trial,<br/>corn leaf discs were dipped in each treatment and placed in Petri dishes containing wet filter paper and<br/>offered to 10-day old larvae. Distilled water dipped leaf discs were used as control. In non choice bioassays,<br/>10 day old individual larva was placed in test tubes containing a treated leaf disc. For both assays the<br/>consumed foliar area was evaluated in each treatment for 24 hours. Results from the non choice assay for<br/>control discs were of 534,20 mm2 of foliar area, showing that the larvae ate less when exposed to leaf discs<br/>treated with essential oil. However in free choice assays, the larvae preferred leaf discs treated with yarrow<br/>essential oil at 0.0002 %, consuming 221.20 mm2 of leaf area compared to the control. Preference for<br/>yarrow soaked discs can be used in insect control to attract the larva to a lure in integrated pest management<br/>program.<br/><br/>Key words: essential oils, yarrow, thyme, fall army worm
650 ## - ASSUNTO - THESAGRO
Cabeçalho tópico ou nome geográfico ÓLEO ESSENCIAL
650 ## - ASSUNTO - THESAGRO
Cabeçalho tópico ou nome geográfico MIL FOLHAS
650 ## - ASSUNTO - THESAGRO
Cabeçalho tópico ou nome geográfico TOMILHO
773 0# - ENTRADA ANALÍTICA
Host Biblionumber 3543
Registro do item 313785
Imprenta Botucatu-SP Instituto de Biociências - Departamento de Química e Bioquímica 1998
Outro identificador 2024-0053
Título Revista Brasileira de Plantas Medicinais (Brazil)
ISSN 1516-0572
Colação v. 8(4) p. 27-32; (2006)
Número de controle de registro BR2024000071
856 ## - ACESSO E ENDEREÇO ELETRÔNICO
Identificador uniforme de recurso - URI https://www.sbpmed.org.br/admin/files/papers/file_70sxnAheOWMX.pdf

Nenhum exemplar disponível.

BINAGRI

Telefone: (61)3218-2567/2388/3357/2097 - binagri@agro.gov.br

Ministério da Agricultura e Pecuária , Esplanada dos Ministérios, Bloco D, Anexo B, Brasília/DF, CEP: 70.043-900